00523nam a2200145Ia 4500008004100000100001900041245008700060245001900147260000900166300001000175650001300185856008700198999001900285952007300304170221s9999 xx 000 0 und d aAnne M. Tucker 4aThe Short Road Home to Delaware: Boilermakers Local 154 Retirement Fund v. Chevron cAnne M. Tucker c2015 a4 : 1 xBusiness uhttp://digitalcommons.pepperdine.edu/cgi/viewcontent.cgi?article=1116&context=jbel c313650d313650 001040aCLbCLd2017-02-21l0r2017-02-21 00:00:00w2017-02-21yFOJ